[Event "SR 2. liga A 2009/2010"]
[Site "?"]
[Date "2009.10.10"]
[Round "1.4"]
[White "Mackovic, Miroslav"]
[Black "Bury, Rastislav"]
[Result "0-1"]
[WhiteElo "1963"]
[BlackElo "2066"]
[PlyCount "60"]
[EventDate "2009.??.??"]
[WhiteTeam "Slovakia"]
[BlackTeam "II"]
[WhiteTeamCountry "SVK"]
[BlackTeamCountry "SVK"]

1. e4 c5 2. Nf3 d6 3. d4 cxd4 4. Nxd4 Nf6 5. Nc3 a6 6. Be2 e6 7. f4 Be7 8. Bf3
e5 9. Nde2 Nbd7 10. Be3 b5 11. Nd5 Nxd5 12. Qxd5 Rb8 13. Qd3 exf4 14. Nxf4 Ne5
15. Qe2 Bh4+ 16. g3 Bf6 17. c3 b4 18. Bd4 bxc3 19. Bxc3 Bd7 20. a4 Qb6 21. Nd5
Nxf3+ 22. Qxf3 Bxc3+ 23. bxc3 Qc5 24. Qe3 Bxa4 25. Qxc5 dxc5 26. Nc7+ Ke7 27.
Nxa6 Rb2 28. Nxc5 Bb5 29. Rd1 Ra8 30. Nd3 Bxd3 0-1

[Event "SR 2. liga A 2009/2010"]
[Site "?"]
[Date "2009.10.10"]
[Round "1.4"]
[White "Matulik, Daniel"]
[Black "Bisco, Igor"]
[Result "1/2-1/2"]
[WhiteElo "2154"]
[BlackElo "2144"]
[PlyCount "22"]
[EventDate "2009.??.??"]
[WhiteTeam "Slovakia"]
[BlackTeam "II"]
[WhiteTeamCountry "SVK"]
[BlackTeamCountry "SVK"]

1. Nf3 Nf6 2. g3 g6 3. Bg2 Bg7 4. O-O O-O 5. c4 d6 6. Nc3 e5 7. d3 c6 8. Rb1
Nbd7 9. b4 Re8 10. e4 a5 11. b5 c5 1/2-1/2

[Event "SR 2. liga A 2009/2010"]
[Site "?"]
[Date "2009.10.10"]
[Round "1.4"]
[White "Polasek, Filip"]
[Black "Fabry, Robert"]
[Result "0-1"]
[WhiteElo "2072"]
[BlackElo "2190"]
[PlyCount "54"]
[EventDate "2009.??.??"]
[WhiteTeam "Slovakia"]
[BlackTeam "II"]
[WhiteTeamCountry "SVK"]
[BlackTeamCountry "SVK"]

1. e4 e5 2. Nf3 Nc6 3. Nc3 Nf6 4. Bb5 d6 5. d4 exd4 6. Nxd4 Bd7 7. Bg5 Be7 8.
O-O O-O 9. f4 h6 10. e5 hxg5 11. exf6 Bxf6 12. Bxc6 Bxc6 13. Nxc6 bxc6 14. Ne4
d5 15. Nxf6+ Qxf6 16. Qg4 gxf4 17. c3 Rab8 18. Rf2 Qe5 19. Raf1 c5 20. Re2 Qd6
21. Rxf4 Rfe8 22. Rxe8+ Rxe8 23. Qf5 Qe6 24. Qxe6 Rxe6 25. Kf2 Ra6 26. a4 c4
27. Rd4 c6 0-1

[Event "SR 2. liga A 2009/2010"]
[Site "?"]
[Date "2009.10.10"]
[Round "1.4"]
[White "Sosovicka, Juraj"]
[Black "Jablonicky, Frantisek"]
[Result "1/2-1/2"]
[WhiteElo "2066"]
[BlackElo "2222"]
[PlyCount "133"]
[EventDate "2009.??.??"]
[WhiteTeam "Slovakia"]
[BlackTeam "II"]
[WhiteTeamCountry "SVK"]
[BlackTeamCountry "SVK"]

1. e4 c6 2. d4 d5 3. Nc3 dxe4 4. Nxe4 Nf6 5. Nxf6+ gxf6 6. c3 Bf5 7. Nf3 e6 8.
g3 Qd5 9. Bg2 Qe4+ 10. Be3 Qc2 11. Nh4 Bd3 12. Qxc2 Bxc2 13. Kd2 Bg6 14. f4 f5
15. Nxg6 hxg6 16. h3 Nd7 17. b3 Nf6 18. Kd3 O-O-O 19. Rae1 Kb8 20. Bf2 Bd6 21.
Bf3 Rhe8 22. Kc2 a5 23. c4 Rd7 24. Re2 Red8 25. Rd1 Bc5 26. Red2 Bb4 27. Re2
Bc5 28. Red2 Bb6 29. a3 Ne4 30. Bxe4 fxe4 31. b4 f5 32. h4 a4 33. Kc3 Bc7 34.
Be3 b5 35. c5 Rh8 36. Kc2 Bd8 37. Rg1 Bf6 38. Kc1 Kc7 39. Kc2 Rg7 40. Kd1 Kd7
41. Ke1 Ke8 42. Kf1 Rd7 43. Kf2 Kf7 44. Kg2 Kg8 45. Kf2 Kg7 46. Kg2 Rhd8 47.
Rgd1 Kh6 48. Kh2 Rh8 49. Kg2 Kh5 50. Kf2 Kg4 51. Rg1 Rd5 52. Rgd1 Rd7 53. Rg1
Rdh7 54. Kg2 Rg8 55. Kf2 Rd8 56. Kg2 Rd5 57. Kf2 Rhd7 58. Rgd1 Rd8 59. Kg2 Rf8
60. Kf2 Rd7 61. Kg2 Rh8 62. Kf2 Rdh7 63. Rg1 Kh5 64. Rf1 Kh6 65. Rg1 Kg7 66.
Kf1 Kf7 67. Kf2 1/2-1/2

[Event "SR 2. liga A 2009/2010"]
[Site "?"]
[Date "2009.10.10"]
[Round "1.5"]
[White "Chovanec, Vladimir"]
[Black "Liptak, Dusan"]
[Result "1-0"]
[WhiteElo "2091"]
[BlackElo "1916"]
[PlyCount "77"]
[EventDate "2009.??.??"]
[WhiteTeam "Slovakia"]
[BlackTeam "II"]
[WhiteTeamCountry "SVK"]
[BlackTeamCountry "SVK"]

1. Nf3 Nf6 2. b3 g6 3. Bb2 Bg7 4. c4 O-O 5. g3 d5 6. cxd5 Nxd5 7. Bxg7 Kxg7 8.
Bg2 c6 9. O-O Bg4 10. Ne5 Be6 11. Nc3 Na6 12. Nd3 f6 13. Rc1 Qd7 14. Na4 b6 15.
a3 Rac8 16. Qc2 c5 17. Qb2 Bg4 18. f3 Be6 19. e4 Ndc7 20. Nf4 Bf7 21. e5 Nb5
22. exf6+ exf6 23. Bh3 Qd4+ 24. Qxd4 Nxd4 25. Bxc8 Rxc8 26. Kf2 Nxb3 27. Rc3
Nxd2 28. Rd1 Bb3 29. Nxb6 axb6 30. Rxd2 Ba4 31. Rd6 Bc6 32. Ne6+ Kg8 33. Nd8
Nb8 34. Nxc6 Nxc6 35. Rxf6 Ne7 36. Rd6 b5 37. Rd7 Nf5 38. g4 Nd4 39. Rxd4 1-0

[Event "SR 2. liga A 2009/2010"]
[Site "?"]
[Date "2009.10.10"]
[Round "1.5"]
[White "Hertel, Ondrej"]
[Black "Mihalik, Marek"]
[Result "1-0"]
[WhiteElo "2051"]
[BlackElo "2090"]
[PlyCount "93"]
[EventDate "2009.??.??"]
[WhiteTeam "Slovakia"]
[BlackTeam "II"]
[WhiteTeamCountry "SVK"]
[BlackTeamCountry "SVK"]

1. d4 Nf6 2. Nf3 e6 3. c4 Bb4+ 4. Nbd2 O-O 5. a3 Bxd2+ 6. Bxd2 Ne4 7. Bb4 d6 8.
Qc2 f5 9. e3 Nd7 10. Bd3 Ndf6 11. O-O-O b6 12. Ng1 Bb7 13. f3 Ng5 14. h4 Nf7
15. Nh3 Qe7 16. Nf2 Rac8 17. e4 fxe4 18. Nxe4 Nxe4 19. Bxe4 Bxe4 20. Qxe4 e5
21. f4 c5 22. dxc5 bxc5 23. Bc3 Rce8 24. fxe5 Nxe5 25. Rhe1 Qe6 26. Bxe5 Qxe5
27. Qxe5 dxe5 28. Rd5 Rf4 29. Rxc5 Rxh4 30. Rc7 e4 31. b4 e3 32. Re2 Rf4 33. c5
Rf2 34. Kd1 Rf1+ 35. Kc2 Ra1 36. Kb3 a5 37. Rd7 axb4 38. axb4 Rb1+ 39. Kc3 Re4
40. Kd3 Rexb4 41. Kxe3 Rb7 42. c6 Rxd7 43. cxd7 Rb8 44. Kd4 Kf7 45. Kc5 Rd8 46.
Kd6 Ra8 47. Rf2+ 1-0

[Event "SR 2. liga A 2009/2010"]
[Site "?"]
[Date "2009.10.10"]
[Round "1.5"]
[White "Janos, Ivan"]
[Black "Krist, Milan"]
[Result "1-0"]
[WhiteElo "2133"]
[BlackElo "2013"]
[PlyCount "117"]
[EventDate "2009.??.??"]
[WhiteTeam "Slovakia"]
[BlackTeam "II"]
[WhiteTeamCountry "SVK"]
[BlackTeamCountry "SVK"]

1. e4 e6 2. d4 d5 3. Nc3 Nf6 4. e5 Nfd7 5. f4 c5 6. Nf3 Nc6 7. a3 cxd4 8. Nxd4
Bc5 9. Be3 a6 10. Nxc6 bxc6 11. Bxc5 Nxc5 12. b4 Nd7 13. Na4 g5 14. Qd4 gxf4
15. O-O-O Qg5 16. Nb6 Nxb6 17. Qxb6 Bd7 18. Qc7 Qd8 19. Qxd8+ Kxd8 20. Rd4 a5
21. Rxf4 Ke7 22. Bd3 axb4 23. Rhf1 Be8 24. axb4 Ra1+ 25. Kd2 Rxf1 26. Rxf1 Rg8
27. g3 h6 28. Kc3 Rg5 29. Kd4 Rg4+ 30. Kc5 Rg5 31. Re1 Bd7 32. c3 Be8 33. Re3
Bd7 34. h4 Rg8 35. Rf3 Be8 36. Be2 Rg6 37. Re3 Bd7 38. Bh5 Rg7 39. Rf3 Be8 40.
Kd4 Rg8 41. Ke3 Rg7 42. Kf2 Kd7 43. Rf6 Rh7 44. Be2 Kc7 45. Ke3 Kb6 46. Kd4 Kc7
47. Kc5 Kd7 48. Rf1 Ke7 49. Ra1 Bd7 50. Ra7 Rh8 51. Ba6 h5 52. Bb7 Rg8 53. Bxc6
Rxg3 54. Rxd7+ Kf8 55. c4 Rg4 56. Bxd5 exd5 57. Rxd5 Rxh4 58. b5 Rh1 59. b6 1-0

[Event "SR 2. liga A 2009/2010"]
[Site "?"]
[Date "2009.10.10"]
[Round "1.5"]
[White "Lehocky, Viktor"]
[Black "Hricak, Vasil"]
[Result "1/2-1/2"]
[WhiteElo "2095"]
[BlackElo "2100"]
[PlyCount "74"]
[EventDate "2009.??.??"]
[WhiteTeam "Slovakia"]
[BlackTeam "II"]
[WhiteTeamCountry "SVK"]
[BlackTeamCountry "SVK"]

1. d4 d5 2. c4 e5 3. dxe5 d4 4. Nf3 Nc6 5. Bg5 Be7 6. Bf4 Bf5 7. a3 g5 8. Bg3
h5 9. h4 g4 10. Nfd2 Qd7 11. b4 Nd8 12. e4 dxe3 13. fxe3 Ne6 14. Nc3 O-O-O 15.
Nb3 Qe8 16. Qe2 Bf8 17. Qf2 Bg6 18. Be2 Ne7 19. Nd4 Bh6 20. Nxe6 fxe6 21. Bf4
Bg7 22. b5 Rf8 23. Qg1 Qf7 24. g3 Bd3 25. Rd1 Qg6 26. Qg2 Bxe2 27. Qxe2 Rxd1+
28. Nxd1 Qe4 29. Nf2 Qb1+ 30. Nd1 Ng6 31. O-O Qb3 32. Nf2 Bxe5 33. Ne4 Rd8 34.
Nc5 Qb2 35. Qxb2 Bxb2 36. Nxe6 Nxf4 37. Rxf4 Re8 1/2-1/2

[Event "SR 2. liga A 2009/2010"]
[Site "?"]
[Date "2009.10.10"]
[Round "1.5"]
[White "Mikulas, Dusan"]
[Black "Hecko, Dusan"]
[Result "1/2-1/2"]
[WhiteElo "2210"]
[BlackElo "2115"]
[Annotator "Fritz 9 (20s)"]
[PlyCount "57"]
[EventDate "2009.??.??"]
[WhiteTeam "Slovakia"]
[BlackTeam "II"]
[WhiteTeamCountry "SVK"]
[BlackTeamCountry "SVK"]

{B19: Classical Caro-Kann: 4...Bf5 main line} 1. e4 c6 2. d4 d5 3. Nc3 dxe4 4.
Nxe4 Bf5 5. Ng3 Bg6 6. Nf3 Nd7 7. h4 h6 8. h5 Bh7 9. Bd3 Bxd3 10. Qxd3 Qc7 11.
Bd2 (11. Rh4 Ngf6 $14) 11... Ngf6 $11 12. O-O-O e6 13. Kb1 O-O-O 14. Ne4 Nxe4 (
14... c5 15. Nxf6 Nxf6 16. Qa3 Kb8 17. Qa4 c4 18. Ne5 Rc8 19. Bf4 Bd6 20. Nxf7
Bxf4 21. Nxh8 Rxh8 22. Rde1 $15) 15. Qxe4 Nf6 16. Qe2 Bd6 17. c4 Qe7 {
heckov patent} 18. Bc3 Bb4 19. Rc1 (19. Bxb4 Qxb4 20. Ne5 Qe7 $16) 19... Rhe8
20. c5 Bxc3 21. Rxc3 Rd5 $11 22. g3 Nxh5 23. Ra3 a6 (23... Kb8 $5 $11) 24. Ne5
$16 Nf6 25. Nc4 Nd7 26. Na5 (26. Rd1 Kc7 $16) 26... Nb8 $2 (26... Qd8 27. Ra4
$11) 27. Nc4 (27. Rd1 Qc7 $16) (27. Rb3 $2 b5 $1 $15) 27... Nd7 (27... Rxd4 $4
{pesiak je nedotkutelny} 28. Nb6+ Kd8 29. Qe5 $18) 28. Na5 Nb8 $11 29. Nc4
1/2-1/2

[Event "SR 2. liga A 2009/2010"]
[Site "?"]
[Date "2009.10.10"]
[Round "1.5"]
[White "Skara, Vladimir"]
[Black "Magyar, Frantisek"]
[Result "0-1"]
[WhiteElo "2126"]
[BlackElo "2018"]
[PlyCount "124"]
[EventDate "2009.??.??"]
[WhiteTeam "Slovakia"]
[BlackTeam "II"]
[WhiteTeamCountry "SVK"]
[BlackTeamCountry "SVK"]

1. e4 e5 2. Nf3 Nc6 3. Bb5 a6 4. Ba4 Nf6 5. O-O Be7 6. Re1 b5 7. Bb3 O-O 8. h3
d6 9. c3 Nb8 10. d4 Nbd7 11. Nbd2 Bb7 12. d5 c6 13. Nf1 cxd5 14. exd5 Nc5 15.
Ne3 Nxb3 16. axb3 g6 17. c4 Nd7 18. Bd2 f5 19. Bc3 Rb8 20. Nc2 Nc5 21. Nb4 Qc7
22. cxb5 axb5 23. Rc1 Rbc8 24. Rc2 Bf6 25. Bd2 Qd8 26. Nc6 Bxc6 27. dxc6 e4 28.
Nh2 Nd3 29. Re2 d5 30. Nf1 d4 31. Ng3 Qd5 32. Bh6 Rfe8 33. f3 Nb4 34. fxe4 fxe4
35. Qf1 Bh8 36. Rc1 d3 37. Rf2 Bd4 38. Kh2 Bxf2 39. Qxf2 Qf7 40. Qe3 Nc2 41.
Qc5 e3 42. Rf1 Qe6 43. Qc3 Rc7 44. Qxd3 Rxc6 45. Qxb5 Rc7 46. Rf6 Qe7 47. Qb6
Rd7 48. Qa6 e2 49. Nxe2 Qe5+ 50. Ng3 Ne3 51. Qc6 Rf7 52. Rxg6+ Kh8 53. Rg5 Nf1+
54. Kg1 Qe3+ 55. Kh1 Nxg3+ 56. Kh2 Nf1+ 57. Kh1 Qe1 58. Kg1 Ng3+ 59. Kh2 Nf5
60. Rxf5 Rxf5 61. Qd7 Qe5+ 62. Kg1 Rf1+ 0-1

[Event "SR 2. liga A 2009/2010"]
[Site "?"]
[Date "2009.10.10"]
[Round "1.6"]
[White "Antala, Jan"]
[Black "Csiba, Peter"]
[Result "1-0"]
[WhiteElo "1982"]
[BlackElo "2104"]
[PlyCount "63"]
[EventDate "2009.??.??"]
[WhiteTeam "Slovakia"]
[BlackTeam "II"]
[WhiteTeamCountry "SVK"]
[BlackTeamCountry "SVK"]

1. e4 c5 2. Nf3 d6 3. d4 cxd4 4. c3 dxc3 5. Nxc3 Nc6 6. Bc4 Nf6 7. e5 Ng4 8.
exd6 exd6 9. Bxf7+ Kxf7 10. Qd5+ Ke8 11. O-O Be7 12. Bf4 Rf8 13. Bg3 Nf6 14.
Qb3 Qb6 15. Nb5 Na5 16. Qd3 Kf7 17. Rfe1 Nc6 18. Bxd6 Kg8 19. Bxe7 Nxe7 20.
Rxe7 Bg4 21. Nd6 Bxf3 22. gxf3 Rad8 23. Qc4+ Kh8 24. Nf7+ Rxf7 25. Qxf7 Rg8 26.
Rxb7 Qc6 27. Rb3 Nd7 28. Rc3 Qb5 29. Rb3 Qg5+ 30. Kh1 Qd2 31. Rg1 Ne5 32. Qxg7+
1-0

[Event "SR 2. liga A 2009/2010"]
[Site "?"]
[Date "2009.10.10"]
[Round "1.6"]
[White "Diviak, Rastislav"]
[Black "Milanov, Jasen"]
[Result "1-0"]
[WhiteElo "2043"]
[BlackElo "2022"]
[PlyCount "61"]
[EventDate "2009.??.??"]
[WhiteTeam "Slovakia"]
[BlackTeam "II"]
[WhiteTeamCountry "SVK"]
[BlackTeamCountry "SVK"]

1. e4 e6 2. d4 d5 3. Nd2 dxe4 4. Nxe4 Nd7 5. Nf3 Ngf6 6. Nxf6+ Nxf6 7. Bd3 c5
8. dxc5 Bxc5 9. O-O O-O 10. Bg5 Be7 11. Qe2 Qc7 12. Rfe1 b6 13. Nd4 a6 14. c3
Re8 15. Bxf6 Bxf6 16. Qe4 Bb7 17. Qxh7+ Kf8 18. Nf5 g6 19. Nh6 Bg5 20. Qg8+ Ke7
21. Qxf7+ Kd8 22. Bxg6 Qe7 23. Qxe8+ Qxe8 24. Bxe8 Kxe8 25. Rxe6+ Kd7 26. Rxb6
Bc6 27. Ng4 Kc7 28. Rb4 Rg8 29. Ne5 Bb7 30. Rg4 Bc8 31. Rg3 1-0

[Event "SR 2. liga A 2009/2010"]
[Site "?"]
[Date "2009.10.10"]
[Round "1.6"]
[White "Halas, Miroslav"]
[Black "Syrovy, Ivan"]
[Result "0-1"]
[WhiteElo "1939"]
[BlackElo "2088"]
[PlyCount "50"]
[EventDate "2009.??.??"]
[WhiteTeam "Slovakia"]
[BlackTeam "II"]
[WhiteTeamCountry "SVK"]
[BlackTeamCountry "SVK"]

1. e4 e5 2. Nf3 d6 3. Bc4 c6 4. a4 Be7 5. c3 Nf6 6. d3 O-O 7. Bg5 Nbd7 8. Nbd2
Qc7 9. O-O b6 10. Re1 Bb7 11. Nh4 g6 12. Qf3 a6 13. Bh6 Rfe8 14. Nf5 d5 15. Bb3
Bf8 16. Bxf8 Kxf8 17. Nh6 Kg7 18. Ng4 Nxg4 19. Qxg4 Nc5 20. Bc2 dxe4 21. Nxe4
f5 22. Qh4 fxe4 23. d4 exd4 24. cxd4 Nd3 25. Re3 Qf4 0-1

[Event "SR 2. liga A 2009/2010"]
[Site "?"]
[Date "2009.10.10"]
[Round "1.6"]
[White "Krajnak, Robert"]
[Black "Mruskovic, Radoslav"]
[Result "1/2-1/2"]
[WhiteElo "2096"]
[BlackElo "1945"]
[PlyCount "96"]
[EventDate "2009.??.??"]
[WhiteTeam "Slovakia"]
[BlackTeam "II"]
[WhiteTeamCountry "SVK"]
[BlackTeamCountry "SVK"]

1. c4 Nf6 2. Nf3 g6 3. g3 Bg7 4. Bg2 O-O 5. O-O c5 6. Nc3 Nc6 7. d3 d6 8. a3 e5
9. Rb1 a6 10. b4 Rb8 11. b5 axb5 12. Nxb5 Ne8 13. Bg5 f6 14. Bd2 Be6 15. Re1
Qd7 16. e3 Bg4 17. Qc2 Bh3 18. Bh1 Bh6 19. d4 e4 20. Nh4 g5 21. Ng2 f5 22. Bc3
Bg7 23. dxc5 Bxc3 24. Qxc3 dxc5 25. Red1 Qe7 26. Ne1 Nf6 27. Rd6 Ne5 28. Rbd1
Bg4 29. R1d2 Nf3+ 30. Bxf3 exf3 31. Qd3 f4 32. Nc3 fxe3 33. Qxe3 Qxe3 34. fxe3
Rbe8 35. Nc2 Bh3 36. Rb6 Ng4 37. Nd1 Rf7 38. Nf2 Nxf2 39. Kxf2 Be6 40. Ne1 Bxc4
41. g4 Re5 42. h3 Be2 43. Rdb2 Rxe3 44. Rxb7 Rxa3 45. Rxf7 Kxf7 46. Rb7+ Kf6
47. Rxh7 c4 48. Rc7 Ke6 1/2-1/2

[Event "SR 2. liga A 2009/2010"]
[Site "?"]
[Date "2009.10.10"]
[Round "1.6"]
[White "Lukac, Tomas"]
[Black "Lauf, Pavol"]
[Result "1/2-1/2"]
[WhiteElo "1932"]
[BlackElo "2140"]
[PlyCount "68"]
[EventDate "2009.??.??"]
[WhiteTeam "Slovakia"]
[BlackTeam "II"]
[WhiteTeamCountry "SVK"]
[BlackTeamCountry "SVK"]

1. e4 g6 2. d4 Bg7 3. Nc3 d6 4. Nf3 Nd7 5. Bc4 h6 6. Be3 e5 7. dxe5 dxe5 8. h3
c6 9. Qd6 Qe7 10. O-O-O Ngf6 11. Qxe7+ Kxe7 12. a4 b6 13. Rhe1 Ne8 14. Kb1 Nd6
15. Nd2 Rd8 16. b3 Nf8 17. Na2 Nxc4 18. Nxc4 Be6 19. Nb4 Rxd1+ 20. Rxd1 Bd7 21.
c3 Ne6 22. Kc2 f6 23. f3 Bf8 24. a5 b5 25. Nb2 Ke8 26. N2d3 Kd8 27. Na6 Ke8 28.
b4 Bc8 29. Nac5 a6 30. Nxe6 Bxe6 31. Bc5 Bg7 32. Bb6 Bf8 33. Bc5 Bg7 34. Bb6
Bf8 1/2-1/2

[Event "SR 2. liga A 2009/2010"]
[Site "?"]
[Date "2009.10.10"]
[Round "1.6"]
[White "Mihalik, Anton"]
[Black "Peska, Juraj"]
[Result "0-1"]
[WhiteElo "1961"]
[BlackElo "1959"]
[PlyCount "141"]
[EventDate "2009.??.??"]
[WhiteTeam "Slovakia"]
[BlackTeam "II"]
[WhiteTeamCountry "SVK"]
[BlackTeamCountry "SVK"]

1. e4 e5 2. Nf3 Nc6 3. Bb5 d6 4. c3 Nf6 5. d3 Be7 6. O-O O-O 7. h3 a6 8. Ba4 h6
9. Re1 Nh7 10. Nbd2 Ng5 11. Nxg5 Bxg5 12. Nf3 Bxc1 13. Rxc1 b5 14. Bc2 Kh8 15.
d4 Bb7 16. Qd2 Qf6 17. Bb1 Bc8 18. Qd3 g5 19. Re3 g4 20. hxg4 Bxg4 21. Nh2 Rg8
22. Rg3 Bd7 23. d5 Ne7 24. c4 Rxg3 25. Qxg3 Rg8 26. Qe3 bxc4 27. Rxc4 c6 28.
dxc6 Bxc6 29. g3 Qe6 30. Rc3 d5 31. Qe2 d4 32. Ra3 Bb5 33. Bd3 Bxd3 34. Qxd3
Ra8 35. Qf3 Rc8 36. Ng4 Kg7 37. Qe2 Rc6 38. f3 h5 39. Nf2 f5 40. Qd2 Qg6 41.
Kh2 fxe4 42. fxe4 Rf6 43. Qe2 Re6 44. Ra5 Ng8 45. a4 Nh6 46. Nd3 Ng4+ 47. Kh3
Ne3 48. Nc5 Rc6 49. b4 Rb6 50. b5 axb5 51. axb5 Qg4+ 52. Qxg4+ hxg4+ 53. Kh2
Nc4 54. Ra4 Nd6 55. Rb4 Rxb5 56. Nd3 Rxb4 57. Nxb4 Nxe4 58. Nd3 Kf6 59. Kg2 Kf5
60. Ne1 Ke6 61. Nd3 Kd5 62. Kh2 Ng5 63. Nf2 e4 64. Nxg4 d3 65. Kg2 Kd4 66. Kf2
Nh3+ 67. Kf1 e3 68. Nh2 d2 69. Ke2 Nf2 70. Nf3+ Kc3 71. Kxe3 0-1

[Event "SR 2. liga A 2009/2010"]
[Site "?"]
[Date "2010.01.09"]
[Round "1.6"]
[White "Mosny, Jaroslav"]
[Black "Hecko, Dusan"]
[Result "1/2-1/2"]
[WhiteElo "2014"]
[BlackElo "2115"]
[Annotator "Fritz 12 (30s)"]
[PlyCount "27"]
[EventDate "2009.??.??"]
[WhiteTeam "Slovakia"]
[BlackTeam "II"]
[WhiteTeamCountry "SVK"]
[BlackTeamCountry "SVK"]

{A41: 1 d4 d6: Tartakower System and Modern Defence} 1. d4 d6 2. c4 Nd7 3. Nf3
e5 4. Nc3 Be7 5. dxe5 ({Fritz} 5. e4 Ngf6 $16 6. Be2 c6 7. O-O O-O) 5... Nxe5
$14 6. Nxe5 dxe5 $11 7. Qxd8+ Bxd8 8. g3 Nf6 9. Bg2 O-O 10. O-O c6 11. b3 Be6
12. Bb2 Bc7 13. Rad1 Rfd8 14. Rxd8+ 1/2-1/2

[Event "SR 2. liga A 2009/2010"]
[Site "?"]
[Date "2009.10.10"]
[Round "1.7"]
[White "Hecht, Tomas"]
[Black "Cajka, Tibor"]
[Result "1/2-1/2"]
[WhiteElo "1991"]
[BlackElo "1932"]
[PlyCount "28"]
[EventDate "2009.??.??"]
[WhiteTeam "Slovakia"]
[BlackTeam "II"]
[WhiteTeamCountry "SVK"]
[BlackTeamCountry "SVK"]

1. e4 c5 2. c3 d5 3. exd5 Qxd5 4. d4 Nf6 5. Nf3 Bg4 6. Be2 e6 7. O-O Nc6 8. Be3
cxd4 9. cxd4 Be7 10. Nc3 Qa5 11. Qb3 Qb4 12. Qxb4 Bxb4 13. h3 Bh5 14. a3 Be7
1/2-1/2

[Event "SR 2. liga A 2009/2010"]
[Site "?"]
[Date "2009.10.10"]
[Round "1.7"]
[White "Kollarik, Gorazd"]
[Black "Gono, Michal"]
[Result "0-1"]
[WhiteElo "1898"]
[BlackElo "1852"]
[PlyCount "138"]
[EventDate "2009.??.??"]
[WhiteTeam "Slovakia"]
[BlackTeam "II"]
[WhiteTeamCountry "SVK"]
[BlackTeamCountry "SVK"]

1. e4 c6 2. d4 d5 3. Nc3 dxe4 4. Nxe4 Bf5 5. Ng3 Bg6 6. Nf3 Nd7 7. h4 h6 8. h5
Bh7 9. Bd3 Bxd3 10. Qxd3 e6 11. Be3 Qc7 12. O-O-O O-O-O 13. c3 Ngf6 14. Ne4
Nxe4 15. Qxe4 Nf6 16. Qd3 Qa5 17. Kb1 Bd6 18. b4 Qc7 19. a4 Nd5 20. Kb2 a5 21.
bxa5 Qxa5 22. Bd2 Nb6 23. Ra1 Nc4+ 24. Kc1 Nxd2 25. Qxd2 Qf5 26. Rh4 Be7 27.
Rh3 e5 28. Kb2 exd4 29. Nxd4 Qd5 30. Qf4 Bf6 31. Qf3 Bxd4 32. Qxd5 Rxd5 33.
cxd4 Rxd4 34. Rf3 Rf8 35. g3 Rd5 36. Rh1 Kc7 37. Rh4 f6 38. Kc3 Re8 39. Rd3
Ree5 40. Rxd5 Rxd5 41. Re4 Re5 42. Rg4 Rg5 43. Re4 Kd6 44. g4 f5 45. Rd4+ Kc7
46. f3 fxg4 47. fxg4 Rd5 48. Rf4 Kd8 49. Re4 Rd7 50. Kc4 Re7 51. Rd4+ Kc7 52.
Kc3 Rd7 53. Rf4 Kd6 54. Rd4+ Ke6 55. Re4+ Kf6 56. Kc4 Re7 57. Rf4+ Kg5 58. Rd4
b5+ 59. axb5 cxb5+ 60. Kxb5 Re5+ 61. Kc4 Kh4 62. Kd3 Rg5 63. Ke3 Rxg4 64. Rd5
Rg5 65. Rd4+ Kxh5 66. Kf2 Rg4 67. Rd5+ g5 68. Rd6 Rb4 69. Kg3 Rb3+ 0-1

[Event "SR 2. liga A 2009/2010"]
[Site "?"]
[Date "2009.10.10"]
[Round "1.7"]
[White "Merva, Frantisek"]
[Black "Adamcik, Tomas"]
[Result "1-0"]
[WhiteElo "2053"]
[BlackElo "1940"]
[PlyCount "95"]
[EventDate "2009.??.??"]
[WhiteTeam "Slovakia"]
[BlackTeam "II"]
[WhiteTeamCountry "SVK"]
[BlackTeamCountry "SVK"]

1. d4 f5 2. e4 fxe4 3. Nc3 Nf6 4. Bg5 g6 5. f3 e3 6. Bd3 Bg7 7. Nge2 O-O 8. h4
d5 9. Bxe3 b6 10. Qd2 Ba6 11. Bxa6 Nxa6 12. O-O-O c6 13. Bh6 Qd6 14. Bf4 Qe6
15. g4 Qf7 16. Be5 Nb8 17. h5 Nbd7 18. hxg6 hxg6 19. Qg5 Nh7 20. Qh4 Bxe5 21.
dxe5 Nxe5 22. f4 Nd7 23. Rh3 Qg7 24. f5 g5 25. Qf2 e5 26. Rdh1 Ndf6 27. Qg3 Qe7
28. Ng1 e4 29. Nge2 c5 30. Nxd5 Nxd5 31. Rxh7 Qxh7 32. Rxh7 Kxh7 33. Qh3+ Kg7
34. Qh5 Rf6 35. Qxg5+ Kf7 36. Qh5+ Kg7 37. c4 Nb4 38. Nf4 Nd3+ 39. Nxd3 exd3
40. Qg5+ Kf7 41. Qf4 Rd8 42. Qc7+ Ke8 43. Qe5+ Kf7 44. g5 d2+ 45. Kd1 Rfd6 46.
g6+ Kg8 47. f6 Rd4 48. Qe7 1-0

[Event "SR 2. liga A 2009/2010"]
[Site "?"]
[Date "2009.10.10"]
[Round "1.7"]
[White "Padysak, Tomas"]
[Black "Zarecky, Eduard"]
[Result "1-0"]
[WhiteElo "2022"]
[BlackElo "1947"]
[PlyCount "53"]
[EventDate "2009.??.??"]
[WhiteTeam "Slovakia"]
[BlackTeam "II"]
[WhiteTeamCountry "SVK"]
[BlackTeamCountry "SVK"]

1. e4 e5 2. Nf3 d6 3. d4 exd4 4. Nxd4 Nf6 5. Nc3 Be7 6. f3 a6 7. Be3 Bd7 8. Qd2
Nc6 9. O-O-O b5 10. Nf5 Bxf5 11. exf5 Ne5 12. Bd4 O-O 13. Qe1 Nc6 14. Be3 Qd7
15. g4 Ne5 16. Qg3 b4 17. Nd5 Qa4 18. Nxf6+ Bxf6 19. g5 Bd8 20. f4 Qxa2 21.
fxe5 dxe5 22. Qxe5 Bf6 23. gxf6 Rfe8 24. Qg3 g6 25. fxg6 hxg6 26. Bd3 Qa1+ 27.
Kd2 1-0

[Event "SR 2. liga A 2009/2010"]
[Site "?"]
[Date "2009.10.10"]
[Round "1.7"]
[White "Sustak, Roman"]
[Black "Jelenciak, Jozef"]
[Result "1-0"]
[WhiteElo "1923"]
[BlackElo "2013"]
[PlyCount "45"]
[EventDate "2009.??.??"]
[WhiteTeam "Slovakia"]
[BlackTeam "II"]
[WhiteTeamCountry "SVK"]
[BlackTeamCountry "SVK"]

1. Nf3 f5 2. d4 Nf6 3. c4 c6 4. Nc3 d6 5. h3 Qc7 6. Bf4 Nbd7 7. e3 e5 8. Bh2
Be7 9. Qc2 e4 10. Nd2 Nf8 11. Be2 Ng6 12. g4 fxg4 13. Ndxe4 O-O 14. Nxf6+ Rxf6
15. hxg4 Qa5 16. Bg3 Bd7 17. O-O-O b5 18. Rh5 Be8 19. Bd3 c5 20. Nd5 Qd8 21.
Nxf6+ Bxf6 22. dxc5 Rc8 23. Bxd6 1-0

[Event "SR 2. liga A 2009/2010"]
[Site "?"]
[Date "2009.10.10"]
[Round "1.7"]
[White "Zacik, Anton"]
[Black "Svoboda, Adam"]
[Result "0-1"]
[WhiteElo "2018"]
[BlackElo "1821"]
[PlyCount "94"]
[EventDate "2009.??.??"]
[WhiteTeam "Slovakia"]
[BlackTeam "II"]
[WhiteTeamCountry "SVK"]
[BlackTeamCountry "SVK"]

1. e4 e6 2. Qe2 Nf6 3. e5 Nd5 4. d4 d6 5. c4 Nb6 6. exd6 cxd6 7. Nf3 Be7 8. Qc2
Nc6 9. Bd2 Nd7 10. Bd3 Nf6 11. O-O O-O 12. Bc3 h6 13. Nbd2 b6 14. b4 Bb7 15. b5
Nb8 16. Bb4 Nbd7 17. Rfc1 Qc7 18. Qd1 Rfe8 19. Nb3 e5 20. Bf5 exd4 21. Nbxd4
Nc5 22. Bc2 d5 23. cxd5 Nxd5 24. Bd2 Bf6 25. Rab1 Rad8 26. Nc6 Bxc6 27. bxc6
Nc3 28. Bh7+ Kxh7 29. Rxc3 Bxc3 30. Qc2+ Kg8 31. Bxc3 Qxc6 32. Bb2 Qe4 33. Qc1
Nd3 34. Qc3 Nxb2 35. Qxb2 Rd7 36. h3 Red8 37. Re1 Rd1 38. Qc3 Rxe1+ 39. Nxe1
Rd1 40. Kf1 b5 41. f3 Qc4+ 42. Qxc4 bxc4 43. Ke2 Ra1 44. Kd2 Rxa2+ 45. Nc2 f5
46. Kc3 Rxc2+ 47. Kxc2 Kf7 0-1

[Event "SR 2. liga A 2009/2010"]
[Site "?"]
[Date "2009.10.10"]
[Round "1.8"]
[White "Curidlo, Jan"]
[Black "Racik, Marek"]
[Result "0-1"]
[WhiteElo "1938"]
[BlackElo "1869"]
[PlyCount "76"]
[EventDate "2009.??.??"]
[WhiteTeam "Slovakia"]
[BlackTeam "II"]
[WhiteTeamCountry "SVK"]
[BlackTeamCountry "SVK"]

1. e4 c5 2. Nf3 d6 3. d4 cxd4 4. Nxd4 Nf6 5. Nc3 g6 6. Be2 Bg7 7. O-O O-O 8.
Be3 Nc6 9. a4 Bd7 10. f4 Nxd4 11. Bxd4 Bc6 12. Bf3 e6 13. Kh1 Qc7 14. Qe2 e5
15. fxe5 dxe5 16. Be3 a6 17. Qf2 Nd7 18. Be2 f5 19. exf5 Rxf5 20. Qg3 Raf8 21.
Rxf5 Rxf5 22. Rd1 Qa5 23. Bd3 Rf8 24. Qh4 Nf6 25. b4 Qc7 26. Bc5 Re8 27. h3 b6
28. Bc4+ Kh8 29. Bd6 Qb7 30. Bf1 e4 31. Ne2 Bxa4 32. Nf4 Qf7 33. Rd2 e3 34. Rd4
Bxc2 35. Bc4 Qb7 36. Be2 Bf5 37. Kh2 Ne4 38. Rc4 Nxd6 0-1